35 Largest Countries in the world by Area - Statistics

General Stats
  • This quiz has been taken 88 times
  • The average score is 31 of 35
Answer Stats
Area(KM^2) Country % Correct
9.985M Canada
100%
1.973M Mexico
100%
17.13M Russia
100%
2.78M Argentina
99%
7.962M Australia
99%
8.516M Brazil
99%
1.905M Indonesia
97%
9.597M China
96%
2.725M Kazakhstan
96%
9.834M United States
96%
2.382M Algeria
94%
2.345M Democratic Republic of the Congo
94%
3.287M India
94%
1.648M Iran
93%
1.564M Mongolia
93%
2.15M Saudi Arabia
93%
1.267M Niger
90%
1.285M Peru
90%
1.22M South Africa
90%
1.886M Sudan
90%
1.143M Colombia
89%
1.76M Libya
89%
916K Venezuela
89%
1.284M Chad
86%
1.01M Egypt
86%
1.247M Angola
85%
923K Nigeria
85%
882K Pakistan
85%
1.24M Mali
80%
1.099M Bolivia
75%
1.104M Ethiopia
75%
824K Namibia
75%
947K Tanzania
73%
2.211M Denmark
65%
1.03M Mauritania
65%
No matching quizzes found
Score Distribution
Percent of People with Each Score
Percentile by Number Answered
Your Score History
You have not taken this quiz